Estatísticas para Hiragana

Clique aqui para jogar o quiz

Estatísticas Gerais

  • Esse quiz foi jogado 25 vezes
  • A pontuação média é 14 de 19

Estatísticas das Respostas

HiraganaResposta% Correto
a
100%
i
94%
e
88%
ko
88%
ku
88%
o/wo
88%
to
88%
n
81%
ki
75%
me
75%
shi
75%
tsu
75%
chi
69%
ni
69%
he
56%
ri
56%
ya
56%
yo
56%
ro
50%

Distribuição das Pontuações

Percentil de Números Respondidos

Porcentagem de Pessoas com Cada Pontuação

Sua Pontuação Histórica

Você não jogou esse quiz